[Event "Reykjavik Open"]
[Site "Reykjavik ISL"]
[Date "2012.03.10"]
[Round "5.88"]
[White "Gunnlaugsson, Gisli"]
[Black "Petersson, Baldur Teodor"]
[Result "1-0"]
[WhiteElo "1875"]
[BlackElo "1524"]
[WhiteFideId "2301776"]
[BlackFideId "2309157"]
[EventDate "2012.03.06"]

1. e4 e5 2. Nf3 Nc6 3. Bb5 a6 4. Ba4 Nf6 5. O-O Be7 6. Re1 b5 7. Bb3 O-O 8. c3
Na5 9. Nxe5 c5 10. Bc2 d6 11. Nf3 Bb7 12. d3 Qc7 13. Nbd2 Nc6 14. Nf1 Rad8 15.
d4 cxd4 16. Nxd4 Nd7 17. f4 Rc8 18. Be3 Nxd4 19. Bxd4 Qc6 20. Ne3 Rce8 21. Nd5
Kh8 22. Nb4 Qc8 23. e5 dxe5 24. fxe5 Bxb4 25. Qh5 h6 26. e6 f5 27. Qxh6+ 1-0

[Event "Reykjavik Open"]
[Site "Reykjavik ISL"]
[Date "2012.03.10"]
[Round "5.90"]
[White "Steinthorsson, Felix"]
[Black "Johannesson, Oliver"]
[Result "0-1"]
[WhiteElo "1298"]
[BlackElo "1677"]
[WhiteFideId "2310040"]
[BlackFideId "2305623"]
[EventDate "2012.03.06"]

1. d4 Nf6 2. Nf3 e6 3. Bf4 d5 4. e3 Be7 5. Nbd2 O-O 6. Bd3 c5 7. c3 b6 8. Ne5
Bb7 9. h3 Nbd7 10. Bc2 Re8 11. O-O cxd4 12. exd4 b5 13. a3 a5 14. Ndf3 b4 15.
axb4 axb4 16. Qd3 bxc3 17. bxc3 Nxe5 18. dxe5 Ne4 19. Bd2 g6 20. Qe3 Nxd2 21.
Qxd2 Qc7 22. Rac1 Qxc3 23. Qh6 Qb2 24. Bxg6 hxg6 25. Rb1 Qc3 26. Rxb7 Qc7 0-1

[Event "Reykjavik Open"]
[Site "Reykjavik ISL"]
[Date "2012.03.10"]
[Round "5.91"]
[White "Mass, Elvira"]
[Black "Kazmierczak, Ewa"]
[Result "1/2-1/2"]
[WhiteElo "2040"]
[BlackElo "1462"]
[WhiteFideId "4695623"]
[BlackFideId "1154877"]
[EventDate "2012.03.06"]

1. e4 e6 2. d3 d5 3. Nd2 Nf6 4. Ngf3 c5 5. g3 Nc6 6. Bg2 b6 7. O-O Bb7 8. Re1
Be7 9. e5 Nd7 10. Nf1 Qc7 11. Qe2 h6 12. h4 O-O-O 13. c3 Rdg8 14. h5 g6 15. hxg6
Rxg6 16. Bd2 h5 17. b4 h4 18. bxc5 Nxc5 19. Bf4 Rd8 20. N3h2 hxg3 21. Bxg3 Bh4
22. Nf3 Bxg3 23. Nxg3 Rgg8 24. Red1 Rg7 25. Kf1 Ba6 26. Ne1 Nxe5 27. Nh5 Rh7 28.
Qxe5 Qxe5 1/2-1/2

[Event "Reykjavik Open"]
[Site "Reykjavik ISL"]
[Date "2012.03.10"]
[Round "5.92"]
[White "Knudsen, Jes West"]
[Black "Johannesson, Kristofer Joel"]
[Result "1-0"]
[WhiteElo "1913"]
[BlackElo "1449"]
[WhiteFideId "1405985"]
[BlackFideId "2306760"]
[EventDate "2012.03.06"]

1. Nf3 Nf6 2. g3 g6 3. b4 b6 4. Bg2 Bb7 5. O-O Bg7 6. Bb2 O-O 7. c4 d6 8. d4 c5
9. bxc5 dxc5 10. dxc5 bxc5 11. Qb3 Qb6 12. Nbd2 Rd8 13. Rab1 Nbd7 14. Qc2 Qc7
15. e4 e5 16. Nxe5 Nxe4 17. Nxd7 Nxd2 18. Bxb7 Qxb7 19. Qxd2 Rxd7 20. Bxg7 Rxd2
21. Rxb7 Kxg7 22. Rc7 Rxa2 23. Rb1 Rc2 24. Rbb7 Rf8 25. Rxc5 a5 26. Ra7 Ra2 27.
Raxa5 Rxa5 28. Rxa5 Rc8 29. Ra4 Rc7 30. f4 Kf6 31. Kf2 Ke6 32. Ra6+ Ke7 33. Ra4
Kd6 34. Ke3 Kc5 35. Kd3 Rd7+ 36. Kc3 Re7 37. Ra5+ Kb6 38. Re5 Rd7 39. h4 h5 40.
Rg5 Re7 41. Kd4 Kc6 42. f5 Rd7+ 43. Kc3 Rd6 44. c5 Rd5 45. fxg6 fxg6 46. Rxd5
Kxd5 47. Kb4 Kc6 48. Kc4 1-0

[Event "Reykjavik Open"]
[Site "Reykjavik ISL"]
[Date "2012.03.10"]
[Round "5.93"]
[White "Stefansson, Vignir Vatnar"]
[Black "Davidsdottir, Nansy"]
[Result "1-0"]
[WhiteElo "1474"]
[BlackElo "1379"]
[WhiteFideId "2308649"]
[BlackFideId "2309491"]
[EventDate "2012.03.06"]

1. d4 Nf6 2. Nf3 e6 3. c4 d5 4. e3 c5 5. Be2 Be7 6. Nc3 Nc6 7. b3 cxd4 8. exd4
O-O 9. O-O Ne4 10. Bb2 Nxc3 11. Bxc3 Qc7 12. c5 b6 13. b4 bxc5 14. dxc5 Rb8 15.
b5 d4 16. Bb2 Bxc5 17. Rc1 Qd6 18. Qc2 d3 19. Bxd3 Nb4 20. Qc3 f6 21. Bc4 a5 22.
a3 Bb7 23. axb4 Bxb4 24. Qd4 Qe7 25. Qe3 Rfe8 26. Nd4 Kh8 27. Qxe6 Qc5 28. Qf5
Re5 29. Qh3 Re7 30. Bd3 g6 31. Rxc5 Bxc5 32. Nc6 Kg8 33. Bc4+ Kg7 34. Qf3 Rf8
35. Qc3 Bxc6 36. bxc6 Bb4 37. Qf3 Rc7 38. g3 a4 39. Rd1 Ra7 40. Rd7+ Rxd7 41.
cxd7 Be7 42. Qf4 Rd8 43. Be6 a3 44. Ba1 Rf8 45. g4 h6 46. h4 Kh7 47. h5 g5 48.
Qf5+ Kh8 49. Qg6 Rb8 50. Qxh6# 1-0

[Event "Reykjavik Open"]
[Site "Reykjavik ISL"]
[Date "2012.03.11"]
[Round "6.1"]
[White "Sokolov, Ivan"]
[Black "Cheparinov, Ivan"]
[Result "1/2-1/2"]
[WhiteTitle "GM"]
[BlackTitle "GM"]
[WhiteElo "2653"]
[BlackElo "2664"]
[WhiteFideId "14400030"]
[BlackFideId "2905540"]
[EventDate "2012.03.06"]

1. d4 Nf6 2. Nf3 g6 3. Bf4 Bg7 4. e3 d6 5. h3 O-O 6. Be2 b6 7. c4 Bb7 8. Nc3
Nbd7 9. O-O Ne4 10. Nxe4 Bxe4 11. Qa4 c5 12. Rad1 Qc7 13. b4 a5 14. b5 cxd4 15.
exd4 1/2-1/2

[Event "Reykjavik Open"]
[Site "Reykjavik ISL"]
[Date "2012.03.11"]
[Round "6.5"]
[White "Kristjansson, Stefan"]
[Black "Hou, Yifan"]
[Result "1/2-1/2"]
[WhiteTitle "GM"]
[BlackTitle "GM"]
[WhiteElo "2500"]
[BlackElo "2639"]
[WhiteFideId "2301172"]
[BlackFideId "8602980"]
[EventDate "2012.03.06"]

1. e4 e6 2. d4 d5 3. exd5 exd5 4. Nc3 c6 5. Bd3 Bd6 6. Nge2 Ne7 7. Bg5 Qb6 8.
Na4 Qa5+ 9. c3 Nd7 10. b4 Qc7 11. Nc5 b6 12. Nxd7 Bxd7 13. Bh4 Nf5 14. Bxf5 Bxf5
15. Bg3 a5 16. a3 O-O 17. O-O Ra7 18. Re1 Rfa8 19. Bxd6 Qxd6 20. Ng3 Bg6 21. Rc1
axb4 22. axb4 h6 23. Qf3 Ra2 24. h4 Qd8 25. h5 Bh7 26. Re2 Rxe2 27. Qxe2 Qe8 28.
Qxe8+ Rxe8 29. Ra1 Bd3 30. Nf1 Be2 31. Ng3 Bd3 32. Nf1 Kh7 33. Ne3 Be2 34. Ra7
Bxh5 35. b5 cxb5 36. Nxd5 Re6 37. Rb7 Rd6 38. Nxb6 Bg4 39. f3 Be6 40. Kf2 Kg6
41. Ke3 Kf6 42. g4 g6 43. Ke4 Ba2 44. d5 h5 45. g5+ Kxg5 46. Ke5 Rf6 47. Ra7
Rxb6 48. Rxa2 f6+ 49. Kd4 h4 50. Rb2 h3 51. c4 h2 52. Rxh2 bxc4 53. Kxc4 Kf4 54.
Kc5 Rb8 55. d6 Kxf3 56. Rh6 f5 57. Rxg6 f4 1/2-1/2

[Event "Reykjavik Open"]
[Site "Reykjavik ISL"]
[Date "2012.03.11"]
[Round "6.6"]
[White "Hess, Robert L"]
[Black "Gretarsson, Hjorvar Steinn"]
[Result "1-0"]
[WhiteTitle "GM"]
[BlackTitle "IM"]
[WhiteElo "2635"]
[BlackElo "2460"]
[WhiteFideId "2022036"]
[BlackFideId "2302241"]
[EventDate "2012.03.06"]

1. d4 d5 2. c4 c6 3. Nc3 Nf6 4. e3 a6 5. Nf3 g6 6. Qb3 Bg7 7. Ne5 O-O 8. Be2 e6
9. O-O Nbd7 10. Nxd7 Nxd7 11. cxd5 exd5 12. Bd2 b5 13. Rfc1 Re8 14. Bf3 Nb6 15.
Ne2 Nc4 16. Be1 a5 17. a4 Rb8 18. Qa2 bxa4 19. Qxa4 Bd7 20. b3 Nb2 21. Qa3 Nd3
22. Bxa5 Qh4 23. Rf1 Bf8 24. Qa2 Bd6 25. Ng3 Qe7 26. Bc3 Nb4 27. Qd2 Rb7 28. Ra4
Reb8 29. Re1 f5 30. Rea1 Be8 31. Ra8 Qd8 32. R8a4 Qc7 33. Nf1 Bf7 34. Rc1 Qb6
35. Qe2 Be8 36. Nd2 Bd7 37. Rca1 Qd8 38. g3 Be8 39. Bg2 Qb6 40. Nf3 Qb5 41. Qd2
Qb6 42. Ne5 Qd8 43. Rc1 Rb6 44. Qe2 Bf8 45. Ra7 Qd6 46. g4 fxg4 47. Qxg4 R8b7
48. Rca1 Re7 49. Rxe7 Bxe7 50. Ra8 Rb8 51. Rxb8 Qxb8 52. e4 Kg7 53. Qe6 Qd6 54.
Qc8 Kf8 55. Bd2 g5 56. Bh3 1-0

[Event "Reykjavik Open"]
[Site "Reykjavik ISL"]
[Date "2012.03.11"]
[Round "6.7"]
[White "Kuzubov, Yuriy"]
[Black "Danielsen, Henrik"]
[Result "1/2-1/2"]
[WhiteTitle "GM"]
[BlackTitle "GM"]
[WhiteElo "2615"]
[BlackElo "2504"]
[WhiteFideId "14112906"]
[BlackFideId "1400185"]
[EventDate "2012.03.06"]

1. e4 d5 2. exd5 Qxd5 3. Nf3 Bg4 4. Be2 Nc6 5. h3 Bxf3 6. Bxf3 Qe5+ 7. Qe2 Qxe2+
8. Bxe2 Nd4 9. Bd1 e5 10. O-O O-O-O 11. d3 Bc5 12. Re1 f6 13. Nd2 Ne7 14. Nc4
Ndc6 15. g3 g5 16. Kg2 h5 17. Nd2 Bb6 18. Ne4 Rdf8 19. c3 g4 20. Rh1 f5 21. Ng5
Nd8 22. Bd2 Ng6 23. hxg4 hxg4 24. Bb3 f4 25. Rxh8 Rxh8 26. gxf4 exf4 27. d4 c5
28. Bc2 Nh4+ 29. Kg1 Bc7 30. Re1 Nf7 31. Nxf7 Nf3+ 32. Kf1 Rh1+ 33. Ke2 Nxe1 34.
Bf5+ Kb8 35. Bxg4 Rh4 36. f3 Rh7 37. Ng5 Re7+ 38. Ne4 Ng2 39. dxc5 Nh4 40. Be1
Ng6 41. Bf2 Ne5 42. Bf5 Rf7 43. Be6 Rh7 44. b4 Rh1 45. Bd4 Rb1 46. Nd2 Rc1 47.
Bf5 Ka8 48. Be4 Kb8 49. b5 b6 50. cxb6 axb6 51. Bd5 Ra1 52. Ne4 Rb1 53. c4 Rb4
54. Bc3 Rb1 55. a4 Rh1 56. Bxe5 Bxe5 57. c5 Bd4 58. cxb6 Ra1 59. b7 Rxa4 60. Kd3
Be5 61. Bc6 Rd4+ 62. Ke2 Ka7 63. Nc5 Rd8 64. Na4 Bc7 1/2-1/2

[Event "Reykjavik Open"]
[Site "Reykjavik ISL"]
[Date "2012.03.11"]
[Round "6.8"]
[White "Hunt, Adam C"]
[Black "Baklan, Vladimir"]
[Result "1/2-1/2"]
[WhiteTitle "IM"]
[BlackTitle "GM"]
[WhiteElo "2454"]
[BlackElo "2612"]
[WhiteFideId "403970"]
[BlackFideId "14102196"]
[EventDate "2012.03.06"]

1. e4 e6 2. d4 d5 3. Nc3 Nf6 4. Bg5 dxe4 5. Nxe4 Nbd7 6. Nxf6+ Nxf6 7. Nf3 h6 8.
Be3 Bd6 9. g3 b6 10. Bg2 Bb7 11. O-O O-O 12. c4 Ng4 13. Bd2 c5 14. Bc3 Nf6 15.
b3 cxd4 16. Bxd4 Ba3 17. Qd2 Qe7 18. Rad1 Rad8 19. Qe2 Bc5 20. Bxc5 Qxc5 21.
Rxd8 Rxd8 22. Rd1 Rxd1+ 23. Qxd1 e5 24. Qd8+ Kh7 25. Ng5+ hxg5 26. Bxb7 Qa5 27.
Qe7 Kg6 28. Bd5 Nxd5 29. cxd5 Qxd5 1/2-1/2

[Event "Reykjavik Open"]
[Site "Reykjavik ISL"]
[Date "2012.03.11"]
[Round "6.9"]
[White "Avrukh, Boris"]
[Black "Larsen, Karsten"]
[Result "1-0"]
[WhiteTitle "GM"]
[BlackTitle "FM"]
[WhiteElo "2591"]
[BlackElo "2321"]
[WhiteFideId "2803895"]
[BlackFideId "1404288"]
[EventDate "2012.03.06"]

1. d4 d6 2. Nf3 g6 3. c4 Bg7 4. g3 Nd7 5. Nc3 Ngf6 6. Bg2 O-O 7. O-O e5 8. e4 a5
9. h3 c6 10. Be3 Re8 11. Qc2 a4 12. Rfe1 Qa5 13. Rad1 exd4 14. Nxd4 Nc5 15. Bf4
Bf8 16. Kh2 Nfd7 17. Bd2 Qa7 18. Be3 Ne5 19. Nb1 Qa6 20. Na3 Qa5 21. Re2 h5 22.
f4 Ned7 23. Bd2 Qd8 24. Bc3 Qe7 25. Rde1 Bh6 26. Nf5 gxf5 27. exf5 Ne5 28. fxe5
Qg5 29. Bd2 Qg7 30. exd6 Rxe2 31. Rxe2 Bd7 32. Re7 h4 33. g4 Qd4 34. Re2 Bf8 35.
Kh1 Qxd6 36. Bg5 Bh6 37. Bxh4 Nd3 38. c5 Qd4 39. Re4 Bc8 40. Nb1 1-0

[Event "Reykjavik Open"]
[Site "Reykjavik ISL"]
[Date "2012.03.11"]
[Round "6.11"]
[White "L'Ami, Erwin"]
[Black "Aguera Naredo, Javier"]
[Result "1/2-1/2"]
[WhiteTitle "GM"]
[BlackTitle "FM"]
[WhiteElo "2611"]
[BlackElo "2358"]
[WhiteFideId "1007998"]
[BlackFideId "2204169"]
[EventDate "2012.03.06"]

1. d4 Nf6 2. c4 g6 3. Nc3 Bg7 4. e4 d6 5. Nf3 O-O 6. Be2 Na6 7. Bg5 h6 8. Be3 e5
9. dxe5 Ng4 10. Bf4 Nxe5 11. Nd4 Nc5 12. O-O Ne6 13. Be3 Nxd4 14. Bxd4 c5 15.
Be3 Be6 16. b3 Nxc4 17. bxc4 Bxc3 18. Bxh6 Re8 19. Rc1 Bd4 20. Qd2 Qh4 21. Bd3
Bd7 22. Be3 Bxe3 23. Qxe3 Bc6 24. Rce1 Re6 25. f3 Rae8 26. Qf2 Qxf2+ 27. Kxf2
Kg7 28. Rd1 Kf6 29. Rd2 Rh8 30. h3 Ke7 31. Rb1 Kd7 32. Rb3 Kc7 33. a4 a5 34. Ra3
Rh4 35. Bc2 g5 36. Ra1 Rf6 37. Kg3 Rhf4 38. Rad1 Rh6 39. Kf2 Rhf6 40. Ke3 Rh4
41. Kd3 Rfh6 42. Kc3 Rf6 43. Kb3 Rhf4 44. Re1 Re6 45. Rde2 Re5 46. Re3 Rh4 47.
Kc3 Rh6 48. Kd2 Rh4 49. Rh1 Re6 50. g3 Rh8 51. Re2 Reh6 52. Reh2 Bd7 53. h4 Bc6
54. Ke3 Bd7 55. Kf2 Be6 56. Bb3 f6 57. Ke3 Bf7 58. Kd3 Be8 59. Bd1 R8h7 60. Kc3
Rh8 61. Bc2 Bf7 62. Bd3 Be8 63. Kb3 Bf7 64. Bf1 R8h7 65. Bh3 gxh4 66. Bf1 Rg7
67. gxh4 Bh5 68. Be2 Rg3 69. Rh3 Rhg6 70. Kc2 Rxh3 71. Rxh3 Rg1 72. Kd2 Kd7 73.
Ke3 Ke6 74. Rh2 Ra1 75. Rg2 Rxa4 76. Rg7 Rb4 77. f4 Rb3+ 78. Bd3 Bf7 79. h5 Ke7
80. h6 Kf8 81. Kd2 Rb2+ 82. Bc2 Ra2 83. Rg1 Ra3 84. Bd3 Ra2+ 85. Bc2 Ra3 86. Bd3 1/2-1/2

[Event "Reykjavik Open"]
[Site "Reykjavik ISL"]
[Date "2012.03.11"]
[Round "6.13"]
[White "Maze, Sebastien"]
[Black "L'Ami, Alina"]
[Result "1-0"]
[WhiteTitle "GM"]
[BlackTitle "WGM"]
[WhiteElo "2577"]
[BlackElo "2372"]
[WhiteFideId "613762"]
[BlackFideId "1210246"]
[EventDate "2012.03.06"]

1. e4 c5 2. Nf3 d6 3. d4 cxd4 4. Nxd4 Nf6 5. Nc3 a6 6. Be3 e5 7. Nb3 Be6 8. h3
Be7 9. Qf3 O-O 10. g4 g6 11. O-O-O Nbd7 12. Kb1 Rc8 13. Nd5 Bxd5 14. exd5 e4 15.
Qg2 Nb6 16. h4 Nfxd5 17. Bd4 Re8 18. h5 Bf6 19. hxg6 fxg6 20. Qh2 Qc7 21. c4 Re7
22. g5 Bxg5 23. Bh3 Nxc4 24. Rdg1 Na3+ 25. bxa3 Nc3+ 26. Ka1 Ne2 27. Bb2 Nxg1
28. Rxg1 e3 29. fxe3 Bxe3 30. Rh1 Rce8 31. Bg2 Qc4 32. Qxd6 Qf4 33. Bd5+ Kf8 34.
Qxg6 Bd4 1-0

[Event "Reykjavik Open"]
[Site "Reykjavik ISL"]
[Date "2012.03.11"]
[Round "6.14"]
[White "Ipatov, Alexander"]
[Black "Kiewra, Keaton F"]
[Result "1/2-1/2"]
[WhiteTitle "GM"]
[BlackTitle "FM"]
[WhiteElo "2561"]
[BlackElo "2355"]
[WhiteFideId "14116731"]
[BlackFideId "2019280"]
[EventDate "2012.03.06"]

1. d4 Nf6 2. c4 g6 3. Nc3 Bg7 4. e4 O-O 5. Nf3 c6 6. h3 d5 7. e5 Ne4 8. Bd3 Nxc3
9. bxc3 dxc4 10. Bxc4 c5 11. O-O Nc6 12. a4 Bf5 13. Re1 cxd4 14. cxd4 Rc8 15.
Bb3 Nb4 16. Re2 Bd3 17. Rd2 Be4 18. Ba3 Nc6 19. Ng5 Bd5 20. Rc1 Bxb3 21. Qxb3
Bxe5 22. Qe3 Bd6 23. Bb2 Na5 24. Rdc2 Rxc2 25. Rxc2 Qb6 26. Ne4 Qb4 27. Nxd6
Qxd6 28. Ba3 Qd7 29. Qxe7 Rd8 30. Rc7 Qxe7 31. Rxe7 Nc4 32. Bb4 Nd6 33. Bxd6
Rxd6 34. Rxb7 Rxd4 35. Rxa7 Rd1+ 36. Kh2 Ra1 37. Kg3 Ra2 38. Kf3 h5 39. h4 Kg7
40. g3 Kf6 41. Ra8 Ke6 42. a5 Kf6 43. Ke3 Kf5 44. Kf3 Ra3+ 45. Kg2 1/2-1/2

[Event "Reykjavik Open"]
[Site "Reykjavik ISL"]
[Date "2012.03.11"]
[Round "6.15"]
[White "Sigfusson, Sigurdur"]
[Black "Libiszewski, Fabien"]
[Result "1/2-1/2"]
[WhiteTitle "FM"]
[BlackTitle "GM"]
[WhiteElo "2346"]
[BlackElo "2523"]
[WhiteFideId "2300168"]
[BlackFideId "616834"]
[EventDate "2012.03.06"]

1. e4 c5 2. Nf3 Nc6 3. d4 cxd4 4. Nxd4 e5 5. Nb5 d6 6. N1c3 a6 7. Na3 Be7 8. Nc4
b5 9. Ne3 Nf6 10. Bd3 O-O 11. O-O Nb4 12. a3 Nxd3 13. Qxd3 Be6 14. Bd2 Rc8 15.
Rad1 Nd7 16. Nf5 Kh8 17. Qg3 Bxf5 18. exf5 Nb6 19. Be3 Nc4 20. Bc1 Bh4 21. Qh3
Bg5 22. Bxg5 Qxg5 23. Ne4 Qf4 24. Nxd6 Nxd6 25. Rxd6 e4 26. Rxa6 Rxc2 27. Qb3
Rc5 28. f6 gxf6 29. g3 Qe5 1/2-1/2

[Event "Reykjavik Open"]
[Site "Reykjavik ISL"]
[Date "2012.03.11"]
[Round "6.17"]
[White "Michalczak, Thomas"]
[Black "Williams, Simon K"]
[Result "1/2-1/2"]
[WhiteTitle "FM"]
[BlackTitle "GM"]
[WhiteElo "2326"]
[BlackElo "2506"]
[WhiteFideId "4622634"]
[BlackFideId "404454"]
[EventDate "2012.03.06"]

1. e4 c5 2. c3 d5 3. exd5 Qxd5 4. d4 Nc6 5. Nf3 Bf5 6. Be3 cxd4 7. Nxd4 e6 8.
Nxf5 Qxf5 9. Bd3 Qd5 10. O-O Nf6 11. Qb3 O-O-O 12. Bc4 Qh5 13. Bb5 Ng4 14. Bf4
Bd6 15. Bxc6 bxc6 16. Bxd6 Rxd6 17. h3 Nxf2 18. Kxf2 Qc5+ 19. Kg3 Qe5+ 20. Kf2
Qc5+ 21. Kg3 Qe5+ 22. Kf2 Qh2 23. Rd1 Qf4+ 24. Kg1 Rhd8 25. Na3 Rd2 26. Rxd2
Rxd2 27. Kh1 Qe4 28. Rg1 Rd3 29. Kh2 Qe5+ 30. Kh1 Qe4 31. Kh2 Qe5+ 32. Kh1 Qe4 1/2-1/2

[Event "Reykjavik Open"]
[Site "Reykjavik ISL"]
[Date "2012.03.11"]
[Round "6.19"]
[White "Kristiansen, Jens"]
[Black "Ptacnikova, Lenka"]
[Result "1/2-1/2"]
[WhiteTitle "IM"]
[BlackTitle "WGM"]
[WhiteElo "2432"]
[BlackElo "2289"]
[WhiteFideId "1400061"]
[BlackFideId "305650"]
[EventDate "2012.03.06"]

1. e4 c5 2. d3 Nc6 3. g3 d5 4. Nd2 Nf6 5. Bg2 e5 6. Ngf3 Be7 7. O-O O-O 8. c3 d4
9. Nc4 Bg4 10. a4 Nd7 11. Bd2 Rb8 12. Qb1 Re8 13. Rc1 b6 14. h3 Bxf3 15. Bxf3
Bg5 16. Bxg5 Qxg5 17. Bd1 h5 18. h4 Qh6 19. Bb3 Rbd8 20. Qc2 Nf6 21. Nd2 Rd6 22.
Nf3 Ng4 23. Ng5 Nd8 24. a5 Qf6 25. axb6 axb6 26. Ra8 Qe7 27. Rxd8 Rexd8 28. Nxf7
Kh7 29. Nxd8 Qxd8 30. cxd4 Rxd4 31. Bc4 Rd6 32. Qe2 Rf6 33. f3 Qd4+ 34. Kh1 b5
35. Bxb5 Rb6 36. fxg4 Rxb5 37. Rc4 Rxb2 38. Rxd4 Rxe2 39. Rd5 hxg4 40. Rxe5 Re3
41. Kg2 Rxd3 42. Rxc5 Rd4 43. Rh5+ Kg8 44. Re5 Rd2+ 45. Kf1 Rd3 46. Kf2 Rf3+ 47.
Kg2 Re3 48. h5 Kh7 49. Re6 Re2+ 50. Kf1 Re3 51. Kf2 Rf3+ 52. Kg2 Re3 53. e5 Re2+
54. Kf1 Rh2 55. Re8 Rxh5 56. Kf2 Kg6 57. Ke3 1/2-1/2

[Event "Reykjavik Open"]
[Site "Reykjavik ISL"]
[Date "2012.03.11"]
[Round "6.20"]
[White "Trella, Thomas"]
[Black "Cherednichenko, Svetlana"]
[Result "1/2-1/2"]
[WhiteTitle "FM"]
[BlackTitle "WGM"]
[WhiteElo "2410"]
[BlackElo "2279"]
[WhiteFideId "24620513"]
[BlackFideId "14105551"]
[EventDate "2012.03.06"]

1. Nf3 d6 2. d4 g6 3. g3 f5 4. Bg2 Bg7 5. O-O Nf6 6. b3 O-O 7. Bb2 e6 8. c4 Qe7
9. Nc3 Nc6 10. d5 Nd8 11. dxe6 Nxe6 12. e3 c6 13. Qc2 Nc5 14. Rad1 Nce4 15. Nd4
Bd7 16. Ba3 a6 17. Nde2 c5 18. Nf4 Nxc3 19. Qxc3 Bc6 20. Qd3 Bxg2 21. Kxg2 Rad8
22. Bb2 Rfe8 23. Bxf6 Qxf6 24. Rd2 Qf7 25. h4 h6 26. Qd5 g5 27. hxg5 hxg5 28.
Qxf7+ Kxf7 29. Nd5 Rh8 30. a4 Rh6 31. Rh1 Rxh1 32. Kxh1 g4 33. Kg2 Be5 34. e4
Ke6 35. exf5+ Kxf5 36. Rd1 Rh8 37. Ne7+ Kf6 38. Nd5+ Kf5 39. Ne3+ Kg5 40. Rd5
Re8 41. Kf1 1/2-1/2

[Event "Reykjavik Open"]
[Site "Reykjavik ISL"]
[Date "2012.03.11"]
[Round "6.21"]
[White "Thorhallsson, Throstur"]
[Black "Henriksson, Johan"]
[Result "1-0"]
[WhiteTitle "GM"]
[BlackTitle "FM"]
[WhiteElo "2398"]
[BlackElo "2279"]
[WhiteFideId "2300109"]
[BlackFideId "1703560"]
[EventDate "2012.03.06"]

1. e4 c6 2. d4 d5 3. exd5 cxd5 4. c4 Nf6 5. Nc3 e6 6. Nf3 Be7 7. Bd3 dxc4 8.
Bxc4 O-O 9. O-O Nbd7 10. Bb3 b6 11. Re1 Bb7 12. Bg5 Re8 13. Qe2 Nf8 14. Ba4 N6d7
15. Bf4 a6 16. Rad1 b5 17. Bb3 Nf6 18. Ne5 Nd5 19. Bc1 Nxc3 20. bxc3 Bd5 21. Rd3
f6 22. Ng4 Bxb3 23. axb3 Bd6 24. c4 bxc4 25. bxc4 Qc7 26. c5 Bf4 27. Bxf4 Qxf4
28. Ne3 Red8 29. d5 Qe5 30. Qd2 Qc7 31. Rc1 exd5 32. Nxd5 Qf7 33. c6 Ne6 34. c7
Re8 35. Nb6 Nxc7 36. Nxa8 Nxa8 37. Rd8 Nb6 38. Qd6 1-0

[Event "Reykjavik Open"]
[Site "Reykjavik ISL"]
[Date "2012.03.11"]
[Round "6.25"]
[White "Bartholomew, John"]
[Black "Gikas, Andreas Basilius"]
[Result "1-0"]
[WhiteTitle "IM"]
[WhiteElo "2440"]
[BlackElo "2219"]
[WhiteFideId "2019353"]
[BlackFideId "4623509"]
[EventDate "2012.03.06"]

1. d4 d5 2. c4 c6 3. Nf3 Nf6 4. e3 Bg4 5. h3 Bh5 6. Nc3 e6 7. g4 Bg6 8. Ne5 Nfd7
9. Nxg6 hxg6 10. e4 dxe4 11. Nxe4 Nf6 12. Nc3 Qb6 13. Bg2 Na6 14. O-O O-O-O 15.
g5 Nh5 16. d5 exd5 17. cxd5 Nb4 18. Be3 Qa5 19. Qg4+ Kb8 20. dxc6 Nxc6 21. Qc4
Rc8 22. Qxf7 Qf5 23. Qxf5 gxf5 24. Rad1 f4 25. Bc1 Bc5 26. Rd7 f3 27. Bxf3 Rcf8
28. Bxh5 Rxh5 29. Kg2 g6 30. Ne4 Bd4 31. Rd1 Be5 32. Nc5 Kc8 33. Ne6 Rfh8 34.
Rf7 Rxh3 35. Rf8+ Rxf8 36. Nxf8 Rh2+ 37. Kg1 Rh5 38. f4 Bg7 39. Nxg6 Nd4 40. Kg2
Ne2 41. Be3 1-0

[Event "Reykjavik Open"]
[Site "Reykjavik ISL"]
[Date "2012.03.11"]
[Round "6.27"]
[White "Dunn, Andrew"]
[Black "Gunnarsson, Jon Viktor"]
[Result "1-0"]
[WhiteTitle "CM"]
[BlackTitle "IM"]
[WhiteElo "2205"]
[BlackElo "2424"]
[WhiteFideId "401960"]
[BlackFideId "2300931"]
[EventDate "2012.03.06"]

1. d4 Nf6 2. Nf3 d6 3. c4 Nbd7 4. Nc3 e5 5. g3 c6 6. Bg2 Be7 7. e4 O-O 8. O-O a6
9. a4 a5 10. h3 Re8 11. Be3 exd4 12. Nxd4 Nc5 13. Qc2 Bf8 14. Rad1 Qb6 15. Rfe1
g6 16. Kh2 Bd7 17. f4 Bg7 18. Nf3 Qb4 19. Nd2 Re7 20. Bf2 Rae8 21. Re2 Nh5 22.
e5 Bf5 23. Nde4 Nxe4 24. Bxe4 Be6 25. exd6 Rd7 26. Bf3 Nf6 27. Rxe6 fxe6 28. Na2
Qxb2 29. Qxb2 Ng4+ 30. Bxg4 Bxb2 31. c5 h5 32. Bf3 e5 33. Re1 Kf7 34. Re2 Bd4
35. Bxd4 exd4 36. Rxe8 Kxe8 37. Be4 Kd8 38. Nc1 b6 39. Nb3 d3 40. Bxc6 bxc5 41.
Bxd7 1-0

[Event "Reykjavik Open"]
[Site "Reykjavik ISL"]
[Date "2012.03.11"]
[Round "6.28"]
[White "Hobber, Anders"]
[Black "Thorfinnsson, Bjorn"]
[Result "1/2-1/2"]
[BlackTitle "IM"]
[WhiteElo "2224"]
[BlackElo "2416"]
[WhiteFideId "1505424"]
[BlackFideId "2300982"]
[EventDate "2012.03.06"]

1. d4 c5 2. e3 Nf6 3. Nf3 d6 4. c3 Qc7 5. Bd3 g6 6. O-O Bg7 7. e4 O-O 8. h3 Nc6
9. Re1 Nd7 10. Bf1 e5 11. dxe5 Ndxe5 12. Nbd2 Be6 13. Nxe5 Nxe5 14. Nf3 Rad8 15.
Bf4 Qb6 16. Bxe5 dxe5 17. Qc2 Rd7 18. b3 Rfd8 19. Rad1 Qa5 20. Rxd7 Rxd7 21. Ng5
Bh6 22. Nxe6 Rd2 23. Qb1 fxe6 24. Rd1 Qxc3 25. Rxd2 Qxd2 26. Qd3 Qxa2 27. Qb5
Qa1 28. Qe8+ Bf8 29. Qxe6+ Kg7 30. Qd7+ Kf6 31. Qxb7 c4 32. Qc6+ Kg7 33. Qxc4
Qa5 34. Qb5 Qxb5 1/2-1/2

[Event "Reykjavik Open"]
[Site "Reykjavik ISL"]
[Date "2012.03.11"]
[Round "6.29"]
[White "Loftsson, Hrafn"]
[Black "Thomassen, Joachim"]
[Result "0-1"]
[BlackTitle "IM"]
[WhiteElo "2202"]
[BlackElo "2400"]
[WhiteFideId "2300729"]
[BlackFideId "1504991"]
[EventDate "2012.03.06"]

1. c4 g6 2. g3 Bg7 3. Bg2 d6 4. Nc3 e5 5. d3 Nc6 6. e4 f5 7. Nge2 Nf6 8. h3 O-O
9. Be3 Be6 10. Nd5 Qd7 11. Qd2 Rae8 12. O-O-O a6 13. Kb1 b5 14. Rc1 bxc4 15.
Rxc4 Bxd5 16. exd5 Ne7 17. Qa5 Qb5 18. Qxb5 axb5 19. Rxc7 Nfxd5 20. Rb7 Rb8 21.
Rxb8 Rxb8 22. Bd2 Kf7 23. Rc1 Bf6 24. Nc3 Nb4 25. Bf1 Nbc6 26. Nd5 Nxd5 27. Rxc6
Ke6 28. Bg2 Bd8 29. Bf3 Bb6 30. Be1 h5 31. a3 Bc5 32. b4 Bd4 33. Ka2 h4 34. Bd1
Kd7 35. Rc1 Rh8 36. Bf3 Ne7 37. g4 d5 38. Kb3 Kd6 39. Rc2 Nc6 40. Ra2 Bb6 41.
Bc3 Rf8 42. a4 bxa4+ 43. Rxa4 e4 44. b5 exf3 45. bxc6 Kxc6 46. Rf4 Bxf2 47. Rxf3
Bg3 48. gxf5 gxf5 49. Bd4 Kd6 50. Kc2 f4 51. Kd1 Rb8 52. Bf6 Ke6 53. Bxh4 Bxh4
54. Rxf4 Bf6 55. Ke2 Rb2+ 56. Kf3 Rd2 0-1